| 000 | 00499nam a2200181Ia 4500 | ||
|---|---|---|---|
| 005 | 20250923144340.0 | ||
| 008 | 008 250917s9999 xx 000 0 eng d | ||
| 037 | _aTextual | ||
| 040 |
_aDSWL _beng _cDSWL |
||
| 041 |
_aeng _2eng |
||
| 084 |
_aS0bX8, N46;1 _qDSWL |
||
| 100 |
_aMaier, N.R.M _9823952 |
||
| 245 | 0 |
_aPsychology in industry _cby N.R.M Maier |
|
| 260 |
_aNew York _c1946 |
||
| 300 | _a464 p. | ||
| 942 |
_cTEXL _hS0bX8, N46;1 |
||
| 999 |
_c1437753 _d1437753 |
||